Statystyki dla Rozpoznaj numer warszawskiej linii autobusowej po krańcach #1

Kliknij tutaj aby rozwiązać quiz!

Ogólne statystyki

  • Ten quiz został rozwiązany 78 razy
  • Średni wynik to 6 z 10

Statystyki odpowiedzi

Początek/koniec trasyNumer linii% Poprawnych
Chomiczówka- Torwar171
86%
Dworzec Wschodni (Lubelska)- Dworzec Wschodni (Kijowska)123
68%
Wiatraczna- Lotnisko Chopina (Terminal Autokarowy)148
68%
Czarna Struga (Marki)- Metro Trocka140
62%
Esperanto- Kierbedzia107
61%
Pańska (Konstancin-Jeziorna)- Dworzec Centralny200
61%
Metro Księcia Janusza- Leszno719
48%
Żerań FSO- Buków211
46%
Metro Targówek Mieszkaniowy- Bródno-Podgrodzie269
43%
Ursynów Północny- Bokserska193
42%

Rozkład punktacji

Percentyl według liczby udzielonych odpowiedzi

Procent ludzi z każdym wynikiem

Twoja historia wyników

Nie rozwiązałeś tego quizu